Statistics for Animal Orders: Animalia

Click here to take the quiz!

General Stats

  • This quiz has been taken 84 times
    (80 since last reset)
  • The average score is 44 of 571

Answer Stats

PhylumClassOrder% Correct
ChordataReptiliaCrocodylia
63%
ArthropodaArachnidaAraneae
61%
ChordataMammaliaPrimates
61%
ChordataMammaliaCetacea
59%
ChordataAmphibiaAnura
58%
ChordataMammaliaCarnivora
55%
ArthropodaInsectaHymenoptera
55%
ArthropodaInsectaLepidoptera
55%
ChordataReptiliaSquamata
55%
ChordataAmphibiaCaudata
52%
ArthropodaInsectaColeoptera
52%
ChordataAvesStruthioniformes
52%
ArthropodaArachnidaScorpiones
50%
ChordataAvesAccipitriformes
48%
ArthropodaInsectaDiptera
48%
ChordataMammaliaRodentia
48%
ChordataMammaliaProboscidea
47%
ChordataReptiliaTestudines
47%
ChordataMammaliaMonotremata
45%
ChordataAvesAnseriformes
44%
MolluscaCephalopodaOctopoda
44%
ChordataAvesFalconiformes
39%
ArthropodaInsectaHemiptera
39%
ChordataMammaliaEulipotyphla
38%
ChordataAvesCasuariiformes
36%
ArthropodaArachnidaIxodida
36%
ChordataMammaliaLagomorpha
36%
ChordataAvesPsittaciformes
36%
ChordataAvesSphenisciformes
36%
ChordataActinopterygiiAnguilliformes
33%
ChordataMammaliaChiroptera
33%
ChordataAvesStrigiformes
33%
ChordataMammaliaArtiodactyla
31%
ChordataAvesGalliformes
31%
ArthropodaInsectaOdonata
31%
ArthropodaInsectaOrthoptera
31%
ArthropodaInsectaBlattodea
30%
ChordataAvesColumbiformes
30%
AnnelidaClitellataCrassiclitellata
30%
MolluscaBivalviaOstreida
30%
ChordataAvesPasseriformes
30%
ChordataMammaliaPerissodactyla
30%
MolluscaCephalopodaSepiida
30%
ChordataAvesCiconiiformes
28%
ChordataActinopterygiiSalmoniformes
28%
ChordataActinopterygiiCypriniformes
27%
ChordataHyperoartiaPetromyzontiformes
27%
ChordataAvesApterygiformes
25%
ArthropodaInsectaMantodea
25%
ChordataElasmobranchiiMyliobatiformes
23%
MolluscaBivalviaMytilida
23%
ArthropodaArachnidaOpiliones
23%
ChordataMammaliaPilosa
23%
ChordataAvesRheiformes
23%
ArthropodaInsectaSiphonaptera
23%
CnidariaAnthozoaActiniaria
22%
ChordataSarcopterygiiCeratodontiformes
22%
ArthropodaInsectaEphemeroptera
22%
ChordataSarcopterygiiLepidosireniformes
22%
ArthropodaInsectaPhasmida
22%
ChordataAvesPhoenicopteriformes
22%
ChordataAvesPiciformes
22%
ChordataAmphibiaGymnophiona
20%
MolluscaCephalopodaNautilida
20%
MolluscaBivalviaPectinida
19%
ChordataActinopterygiiPerciformes
19%
ChordataActinopterygiiPleuronectiformes
19%
ArthropodaInsectaPsocodea
19%
ChordataReptiliaRhynchocephalia
19%
ChordataActinopterygiiSiluriformes
19%
CtenophoraTentaculataCestida
17%
ChordataMammaliaCingulata
17%
AnnelidaClitellataEuhirudinea
17%
ChordataActinopterygiiLophiiformes
17%
ChordataMyxiniMyxiniformes
17%
ChordataElasmobranchiiRajiformes
17%
ChordataAvesCharadriiformes
16%
ChordataSarcopterygiiCoelacanthiformes
16%
ChordataAvesCuculiformes
16%
ChordataMammaliaDidelphimorphia
16%
ChordataMammaliaHyracoidea
16%
ArthropodaInsectaNeuroptera
16%
ArthropodaInsectaZygentoma
16%
ArthropodaEntognathaCollembola
14%
ArthropodaMalacostracaDecapoda
14%
ArthropodaInsectaDermaptera
14%
ChordataActinopterygiiGadiformes
14%
ArthropodaMalacostracaIsopoda
14%
ChordataActinopterygiiLepisosteiformes
14%
ArthropodaInsectaMecoptera
14%
MolluscaGastropodaNudibranchia
14%
ArthropodaArachnidaUropygi
14%
ArthropodaMerostomataXiphosurida
14%
ChordataActinopterygiiAcipenseriformes
13%
ChordataAvesGaviiformes
13%
ArthropodaInsectaPlecoptera
13%
ChordataAvesPodicipediformes
13%
ChordataElasmobranchiiRhinopristiformes
13%
ChordataMammaliaSirenia
13%
ArthropodaArachnidaSolifugae
13%
ChordataAvesSuliformes
13%
ArthropodaBranchiopodaAnostraca
11%
ChordataAvesCaprimulgiformes
11%
ChordataActinopterygiiCharaciformes
11%
ChordataActinopterygiiClupeiformes
11%
ChordataMammaliaDermoptera
11%
ChordataActinopterygiiEsociformes
11%
ChordataAvesGruiformes
11%
ArthropodaInsectaMantophasmatodea
11%
ChordataAvesOpisthocomiformes
11%
ChordataElasmobranchiiPristiophoriformes
11%
ArthropodaArachnidaPseudoscorpiones
11%
MolluscaGastropodaStylommatophora
11%
ChordataAvesTrogoniformes
11%
ChordataMammaliaTubulidentata
11%
MolluscaCephalopodaVampyromorpha
11%
ChordataLeptocardiiAmphioxiformes
9%
ChordataAvesBucerotiformes
9%
ChordataHolocephaliChimaeriformes
9%
EchinodermataEchinoideaClypeasteroida
9%
OnychophoraUdeonychophoraEuonychophora
9%
ArthropodaMalacostracaEuphausiacea
9%
ChordataMammaliaMacroscelidea
9%
ChordataElasmobranchiiOrectolobiformes
9%
ChordataAvesOtidiformes
9%
ArthropodaPycnogonidaPantopoda
9%
ChordataAvesPelecaniformes
9%
ChordataMammaliaPholidota
9%
ChordataAvesProcellariiformes
9%
ChordataMammaliaScandentia
9%
ChordataAvesTinamiformes
9%
ArthropodaInsectaTrichoptera
9%
ChordataMammaliaAfrosoricida
8%
CnidariaAnthozoaAlcyonacea
8%
ChordataActinopterygiiAmiiformes
8%
ChordataAvesApodiformes
8%
ChordataElasmobranchiiCarcharhiniformes
8%
ChordataAvesCoraciiformes
8%
ChordataMammaliaDiprotodontia
8%
ArthropodaInsectaGrylloblattodea
8%
ChordataActinopterygiiGymnotiformes
8%
ChordataElasmobranchiiLamniformes
8%
ChordataActinopterygiiLampriformes
8%
ChordataMammaliaMicrobiotheria
8%
ChordataAvesMusophagiformes
8%
ChordataActinopterygiiMyctophiformes
8%
CnidariaAnthozoaPennatulacea
8%
ChordataAvesPhaethontiformes
8%
ChordataActinopterygiiPolypteriformes
8%
ArthropodaChilopodaScutigeromorpha
8%
AnnelidaPolychaetaTerebellida
8%
ArthropodaInsectaThysanoptera
8%
ArthropodaInsectaZoraptera
8%
Xenacoelomorpha-Acoela
6%
ArthropodaArachnidaAmblypygi
6%
ArthropodaMalacostracaAmphipoda
6%
MolluscaGastropodaAplysiida
6%
ChordataActinopterygiiAulopiformes
6%
ChordataActinopterygiiBatrachoidiformes
6%
EchinodermataCrinoideaBourgueticrinida
6%
ChordataAppendiculariaCopelata
6%
ChordataMammaliaDasyuromorphia
6%
ArthropodaInsectaEmbioptera
6%
EchinodermataCrinoideaIsocrinida
6%
MolluscaGastropodaLepetellida
6%
ArthropodaChilopodaLithobiomorpha
6%
ArthropodaInsectaMegaloptera
6%
ChordataAvesMesitornithiformes
6%
EchinodermataCrinoideaMillericrinida
6%
MolluscaCephalopodaMyopsida
6%
ArthropodaBranchiopodaNotostraca
6%
ChordataActinopterygiiOphidiiformes
6%
ArthropodaArachnidaPalpigradi
6%
ArthropodaMaxillopodaPedunculata
6%
ChordataMammaliaPeramelemorphia
6%
ArthropodaArachnidaRicinulei
6%
ChordataThaliaceaSalpida
6%
CnidariaAnthozoaScleractinia
6%
ArthropodaChilopodaScolopendromorpha
6%
ArthropodaMalacostracaStomatopoda
6%
ChordataActinopterygiiStomiiformes
6%
ArthropodaInsectaStrepsiptera
6%
Xenacoelomorpha-Xenoturbellida
6%
ChordataActinopterygiiAlbuliformes
5%
ArthropodaInsectaArchaeognatha
5%
MolluscaBivalviaCardiida
5%
ChordataAvesCariamiformes
5%
MolluscaPolyplacophoraChitonida
5%
EchinodermataEchinoideaCidaroida
5%
ChordataAvesColiiformes
5%
EchinodermataCrinoideaComatulida
5%
ArthropodaChilopodaCraterostigmomorpha
5%
ArthropodaHexanaupliaCyclopoida
5%
ChordataActinopterygiiCyprinodontiformes
5%
ArthropodaEntognathaDiplura
5%
ChordataActinopterygiiElopiformes
5%
EchinodermataOphiuroideaEuryalida
5%
ChordataAvesEurypygiformes
5%
ArthropodaChilopodaGeophilomorpha
5%
ArthropodaDiplopodaGlomerida
5%
ArthropodaDiplopodaGlomeridesmida
5%
ArthropodaHexanaupliaHarpacticoida
5%
ChordataElasmobranchiiHexanchiformes
5%
ArthropodaDiplopodaJulida
5%
ChordataActinopterygiiMugiliformes
5%
MolluscaGastropodaNeogastropoda
5%
ChordataActinopterygiiNotacanthiformes
5%
ChordataMammaliaNotoryctemorphia
5%
ChordataActinopterygiiOsmeriformes
5%
ArthropodaDiplopodaPlatydesmida
5%
ArthropodaDiplopodaPolydesmida
5%
ArthropodaDiplopodaPolyxenida
5%
ArthropodaDiplopodaPolyzoniida
5%
ArthropodaEntognathaProtura
5%
ChordataAvesPteroclidiformes
5%
ChordataThaliaceaPyrosomatida
5%
ArthropodaMaxillopodaSessilia
5%
ArthropodaDiplopodaSiphonocryptida
5%
ArthropodaDiplopodaSiphonophorida
5%
SipunculaSipunculideaSipunculiformes
5%
ArthropodaDiplopodaSpirobolida
5%
ArthropodaDiplopodaSpirostreptida
5%
ChordataElasmobranchiiSquatiniformes
5%
ChordataActinopterygiiSynbranchiformes
5%
ChordataActinopterygiiSyngnathiformes
5%
ChordataActinopterygiiTetraodontiformes
5%
ChordataElasmobranchiiTorpediniformes
5%
Placozoa-Trichoplacida
5%
Plathelminthes"Turbellaria"Tricladida
5%
ArthropodaMalacostracaAmphionidacea
3%
ArthropodaMalacostracaAnaspidacea
3%
CnidariaHydrozoaAnthoathecata
3%
CnidariaAnthozoaAntipatharia
3%
ChordataAscidiaceaAplousobranchia
3%
EchinodermataHolothuroideaApodida
3%
ArthropodaMaxillopodaArguloida
3%
NematodaSecernenteaAscaridida
3%
ArthropodaMalacostracaBathynellacea
3%
RotiferaEurotatoriaBdelloidea
3%
CtenophoraNudaBeroida
3%
PlathelminthesCestodaBothriocephalidea
3%
Plathelminthes"Turbellaria"Bothrioplanida
3%
ArthropodaHexanaupliaCalanoida
3%
ArthropodaDiplopodaCallipodida
3%
ArthropodaHexanaupliaCanuelloida
3%
CnidariaCubozoaCarybdeida
3%
ChordataActinopterygiiCetomimiformes
3%
Gastrotricha-Chaetonotida
3%
BryozoaGymnolaemataCheilostomatida
3%
ArthropodaDiplopodaChordeumatida
3%
BryozoaGymnolaemataCtenostomatida
3%
ArthropodaMalacostracaCumacea
3%
BryozoaStenolaemataCyclostomatida
3%
MolluscaScaphopodaDentaliida
3%
EchinodermataEchinoideaDiadematoida
3%
PlathelminthesCestodaDiphyllidea
3%
PlathelminthesCestodaDiphyllobothriidea
3%
AnnelidaPolychaetaEchiuroidea
3%
NematodaAdenophoreaEnoplida
3%
EchinodermataAsteroideaForcipulatida
3%
NematomorphaGordioidaGordioidea
3%
ChordataElasmobranchiiHeterodontiformes
3%
EchinodermataHolothuroideaHolothuriida
3%
ChordataAvesLeptosomiformes
3%
ArthropodaMalacostracaLeptostraca
3%
CnidariaHydrozoaLeptothecata
3%
Micrognathozoa-Limnognathida
3%
CtenophoraTentaculataLobata
3%
ArthropodaMalacostracaLophogastrida
3%
Gastrotricha-Macrodasyida
3%
ArthropodaArachnidaMesostigmata
3%
ArthropodaOstracodaMyodocopida
3%
ArthropodaMalacostracaMysida
3%
NematomorphaNectonematoidaNectonematoidea
3%
Xenacoelomorpha-Nemertodermatida
3%
MolluscaCephalopodaOegopsida
3%
EchinodermataOphiuroideaOphiurida
3%
ArthropodaArachnidaOpilioacarida
3%
ChordataActinopterygiiOsteoglossiformes
3%
ChordataMammaliaPaucituberculata
3%
EchinodermataAsteroideaPeripodida
3%
ChordataAscidiaceaPhlebobranchia
3%
ArthropodaOstracodaPodocopida
3%
Plathelminthes"Turbellaria"Polycladida
3%
Plathelminthes"Turbellaria"Prolecithophora
3%
Plathelminthes"Turbellaria"Prorhynchida
3%
Plathelminthes"Turbellaria"Proseriata
3%
MolluscaGastropodaPteropoda
3%
ArthropodaInsectaRaphidioptera
3%
Plathelminthes"Turbellaria"Rhabdocoela
3%
AnnelidaPolychaetaSabellida
3%
ChordataActinopterygiiSaccopharyngiformes
3%
ArthropodaArachnidaSarcoptiformes
3%
ArthropodaArachnidaSchizomida
3%
ChordataActinopterygiiScorpaeniformes
3%
RotiferaPararotatoriaSeisonacea
3%
ArthropodaDiplopodaSiphoniulida
3%
CnidariaHydrozoaSiphonophorae
3%
EchinodermataEchinoideaSpatangoida
3%
MolluscaBivalviaSphaeriida
3%
ArthropodaDiplopodaSphaerotheriida
3%
AnnelidaPolychaetaSpionida
3%
MolluscaCephalopodaSpirulida
3%
CnidariaStaurozoaStauromedusae
3%
ArthropodaDiplopodaStemmiulida
3%
ChordataAscidiaceaStolidobranchia
3%
ArthropodaMalacostracaTanaidacea
3%
BrachiopodaRhynchonellataTerebratulida
3%
ArthropodaMalacostracaThermosbaenacea
3%
ArthropodaArachnidaTrombidiformes
3%
MolluscaBivalviaUnionida
3%
EchinodermataAsteroideaValvatida
3%
ChordataActinopterygiiZeiformes
3%
AnnelidaClitellataAcanthobdellida
2%
CnidariaHydrozoaActinulida
2%
MolluscaBivalviaAdapedonta
2%
PoriferaDemospongiaeAgelasida
2%
ArthropodaMaxillopodaAkentrogonida
2%
PoriferaHexactinellidaAmphidiscosida
2%
EchinodermataOphiuroideaAmphilepidida
2%
PlathelminthesCestodaAmphilinidea
2%
AnnelidaPolychaetaAmphinomida
2%
NematodaSecernenteaAphelenchida
2%
ChaetognathaSagittoideaAphragmophora
2%
TardigradaEutardigradaApochela
2%
AcanthocephalaArchiacanthocephalaApororhynchida
2%
ArthropodaMaxillopodaApygophora
2%
NematodaAdenophoreaAraeolaimida
2%
EchinodermataEchinoideaArbacioida
2%
MolluscaGastropodaArchitaenioglossa
2%
MolluscaBivalviaArcida
2%
AnnelidaClitellataArhynchobdellida
2%
TardigradaHeterotardigradaArthrotardigrada
2%
EchinodermataEchinoideaAspidodiadematoida
2%
PlathelminthesTrematodaAspidogastrida
2%
SipunculaPhascolosomatideaAspidosiphoniformes
2%
ArthropodaArachnidaAstigmata
2%
ChordataActinopterygiiAteleopodiformes
2%
ChordataActinopterygiiAtheriniformes
2%
PoriferaDemospongiaeAxinellida
2%
PoriferaCalcareaBaerida
2%
ChordataActinopterygiiBeloniformes
2%
ChordataActinopterygiiBeryciformes
2%
PoriferaDemospongiaeBiemnida
2%
MyxozoaMyxosporeaBivalvulida
2%
ArthropodaMalacostracaBochusacea
2%
ArthropodaCephalocaridaBrachypoda
2%
AnnelidaClitellataBranchiobdellida
2%
EchinodermataAsteroideaBrisingida
2%
PoriferaDemospongiaeBubarida
2%
Gnathostomulida-Bursovaginoidea
2%
NematodaSecernenteaCamallanida
2%
EchinodermataEchinoideaCamarodonta
2%
CtenophoraTentaculataCambojiida
2%
AnnelidaClitellataCapilloventrida
2%
PlathelminthesMonogeneaCapsalidea
2%
MolluscaBivalviaCarditida
2%
PlathelminthesCestodaCaryophyllidea
2%
EchinodermataEchinoideaCassiduloida
2%
PlathelminthesCestodaCathetocephalidea
2%
MolluscaSolenogastresCavibelonia
2%
MolluscaGastropodaCephalaspidea
2%
ArthropodaMaxillopodaCephalobaenida
2%
MolluscaCaudofoveataChaetodermatida
2%
PlathelminthesMonogeneaChimaericolidea
2%
CnidariaCubozoaChirodropida
2%
PoriferaDemospongiaeChondrillida
2%
PoriferaDemospongiaeChondrosiida
2%
PoriferaCalcareaClathrinida
2%
PoriferaDemospongiaeClionaida
2%
RotiferaEurotatoriaCollothecacea
2%
CnidariaAnthozoaCorallimorpharia
2%
CnidariaScyphozoaCoronatae
2%
BrachiopodaCraniataCraniida
2%
CtenophoraTentaculataCryptolobiferida
2%
MolluscaGastropodaCycloneritida
2%
PlathelminthesCestodaCyclophyllidea
2%
CephalorhynchaKinorhynchaCyclorhagida
2%
CtenophoraTentaculataCydippida
2%
PlathelminthesMonogeneaDactylogyridea
2%
PoriferaDemospongiaeDendroceratida
2%
EchinodermataHolothuroideaDendrochirotida
2%
ArthropodaMaxillopodaDendrogastrida
2%
PoriferaDemospongiaeDesmacellida
2%
NematodaAdenophoreaDesmodorida
2%
NematodaAdenophoreaDesmoscolecida
2%
PlathelminthesMonogeneaDiclybothriidea
2%
PoriferaDemospongiaeDictyoceratida
2%
NematodaSecernenteaDiplogasterida
2%
PlathelminthesTrematodaDiplostomida
2%
ArthropodaBranchiopodaDiplostraca
2%
Plathelminthes"Turbellaria"Dolichomicrostomida
2%
ChordataThaliaceaDoliolida
2%
NematodaAdenophoreaDorylaimida
2%
TardigradaHeterotardigradaEchiniscoidea
2%
EchinodermataEchinoideaEchinolampadoida
2%
EchinodermataEchinoideaEchinoneoida
2%
AcanthocephalaPalaeacanthocephalaEchinorhynchida
2%
EchinodermataEchinoideaEchinothurioida
2%
EchinodermataHolothuroideaElasipodida
2%
MolluscaGastropodaEllobiida
2%
AnnelidaClitellataEnchytraeida
2%
AnnelidaPolychaetaEunicida
2%
Plathelminthes"Turbellaria"Fecampiida
2%
Gnathostomulida-Filospermoidea
2%
RotiferaEurotatoriaFlosculariaceae
2%
MolluscaScaphopodaGadilida
2%
MolluscaBivalviaGaleommatida
2%
CtenophoraTentaculataGaneshida
2%
ChordataActinopterygiiGasterosteiformes
2%
MolluscaBivalviaGastrochaenida
2%
ArthropodaHexanaupliaGelyelloida
2%
AcanthocephalaArchiacanthocephalaGigantorhynchida
2%
Plathelminthes"Turbellaria"Gnosonesimida
2%
ChordataActinopterygiiGobiesociformes
2%
SipunculaSipunculideaGolfingiiformes
2%
ChordataActinopterygiiGonorynchiformes
2%
AcanthocephalaEoacanthocephalaGyracanthocephala
2%
PlathelminthesCestodaGyrocotylidea
2%
PlathelminthesMonogeneaGyrodactylidea
2%
CephalorhynchaPriapulidaHalicryptomorpha
2%
ArthropodaOstracodaHalocyprida
2%
PlathelminthesCestodaHaplobothriidea
2%
PoriferaDemospongiaeHaplosclerida
2%
AnnelidaClitellataHaplotaxida
2%
CnidariaAnthozoaHeliolitina
2%
CnidariaAnthozoaHelioporacea
2%
AcanthocephalaPalaeacanthocephalaHeteramorphida
2%
NemerteaPilidiophoraHeteronemertea
2%
ArthropodaPauropodaHexamerocerata
2%
EchinodermataEchinoideaHolasteroida
2%
ArthropodaArachnidaHolothyrida
2%
CephalorhynchaKinorhynchaHomalorhagida
2%
PoriferaHomoscleromorphaHomosclerophorida
2%
ArthropodaMaxillopodaKentrogonida
2%
ArthropodaMaxillopodaLaurida
2%
PlathelminthesCestodaLecanicephalidea
2%
MolluscaPolyplacophoraLepidopleurida
2%
PoriferaCalcareaLeucosolenida
2%
MolluscaBivalviaLimida
2%
CnidariaHydrozoaLimnomedusae
2%
BrachiopodaLingulataLingulida
2%
PoriferaCalcareaLithonida
2%
PlathelminthesCestodaLitobothriidea
2%
MolluscaGastropodaLittorinimorpha
2%
MolluscaBivalviaLucinida
2%
AnnelidaClitellataLumbriculida
2%
PoriferaHexactinellidaLychniscosida
2%
PoriferaHexactinellidaLyssacinosida
2%
Plathelminthes"Turbellaria"Macrostomorpha
2%
PlathelminthesMonogeneaMazocraeidea
2%
CephalorhynchaPriapulidaMeiopriapulomorpha
2%
PoriferaDemospongiaeMerliida
2%
NematodaAdenophoreaMermithida
2%
EchinodermataEchinoideaMicropygoida
2%
ArthropodaHexanaupliaMisophrioida
2%
EchinodermataHolothuroideaMolpadida
2%
NematodaAdenophoreaMonhysterida
2%
AcanthocephalaArchiacanthocephalaMoniliformida
2%
PlathelminthesMonogeneaMonocotylidea
2%
NematodaAdenophoreaMononchida
2%
NemerteaHoplonemerteaMonostilifera
2%
ArthropodaHexanaupliaMonstrilloida
2%
PlathelminthesMonogeneaMontchadskyellidea
2%
ArthropodaHexanaupliaMormonilloida
2%
MyxozoaMyxosporeaMultivalvulida
2%
PoriferaCalcareaMurrayonida
2%
MolluscaBivalviaMyida
2%
ArthropodaMaxillopodaMystacocaridida
2%
CephalorhynchaLoriciferaNanaloricida
2%
CnidariaHydrozoaNarcomedusae
2%
ArthropodaRemipediaNectiopoda
2%
AcanthocephalaEoacanthocephalaNeoechinorhynchida
2%
MolluscaSolenogastresNeomeniamorpha
2%
PlathelminthesCestodaNippotaeniidea
2%
EchinodermataAsteroideaNotomyotida
2%
MolluscaBivalviaNuculanida
2%
MolluscaBivalviaNuculida
2%
AcanthocephalaArchiacanthocephalaOligacanthorhynchida
2%
PlathelminthesCestodaOnchoproteocephalidea
2%
EchinodermataOphiuroideaOphiacanthida
2%
EchinodermataOphiuroideaOphioleucida
2%
EchinodermataOphiuroideaOphioscolecida
2%
AnnelidaClitellataOpisthopora
2%
NematodaSecernenteaOxyurida
2%
TardigradaEutardigradaParachela
2%
EchinodermataAsteroideaPaxillosida
2%
EchinodermataEchinoideaPedinoida
2%
CnidariaAnthozoaPenicillaria
2%
ChordataActinopterygiiPercopsiformes
2%
EchinodermataHolothuroideaPersiculida
2%
SipunculaPhascolosomatideaPhascolosomatiformes
2%
MolluscaSolenogastresPholidoskepia
2%
ChaetognathaSagittoideaPhragmophora
2%
PlathelminthesCestodaPhyllobothriidea
2%
AnnelidaPolychaetaPhyllodocida
2%
PlathelminthesTrematodaPlagiorchiida
2%
ArthropodaOstracodaPlatycopina
2%
ArthropodaHexanaupliaPlatycopioida
2%
CtenophoraTentaculataPlatyctenida
2%
MolluscaGastropodaPleurobranchida
2%
MolluscaGastropodaPleurotomariida
2%
RotiferaEurotatoriaPloima
2%
BryozoaPhylactolaemataPlumatellida
2%
PoriferaDemospongiaePoecilosclerida
2%
AcanthocephalaPolyacanthocephalaPolyacanthorhynchida
2%
PoriferaDemospongiaePolymastiida
2%
ChordataActinopterygiiPolymixiiformes
2%
AcanthocephalaPalaeacanthocephalaPolymorphida
2%
NemerteaHoplonemerteaPolystilifera
2%
PlathelminthesMonogeneaPolystomatidea
2%
ArthropodaMaxillopodaPorocephalida
2%
CephalorhynchaPriapulidaPriapulomorpha
2%
ArthropodaArachnidaProstigmata
2%
ArthropodaMaxillopodaPygophora
2%
NematodaSecernenteaRhabditida
2%
HemichordataPterobranchiaRhabdopleurida
2%
PlathelminthesCestodaRhinebothriidea
2%
CnidariaScyphozoaRhizostomeae
2%
AnnelidaClitellataRhynchobdellida
2%
BrachiopodaRhynchonellataRhynchonellida
2%
MolluscaGastropodaRuncinida
2%
EchinodermataEchinoideaSalenioida
2%
ArthropodaMaxillopodaScalpelliformes
2%
PoriferaHexactinellidaSceptrulophora
2%
PoriferaDemospongiaeScopalinida
2%
MolluscaGastropodaSeguenziida
2%
CnidariaScyphozoaSemaeostomeae
2%
CephalorhynchaPriapulidaSeticoronaria
2%
MolluscaGastropodaSiphonariida
2%
ArthropodaHexanaupliaSiphonostomatoida
2%
MolluscaBivalviaSolemyida
2%
PlathelminthesCestodaSpathebothriidea
2%
PoriferaDemospongiaeSphaerocladina
2%
EchinodermataAsteroideaSpinulosida
2%
CnidariaAnthozoaSpirularia
2%
NematodaSecernenteaSpirurida
2%
PoriferaDemospongiaeSpongillida
2%
ChordataElasmobranchiiSqualiformes
2%
ChordataActinopterygiiStephanoberyciformes
2%
MolluscaSolenogastresSterrofustia
2%
PlathelminthesTrematodaStichocotylida
2%
EchinodermataEchinoideaStomopneustoida
2%
NematodaSecernenteaStrongylida
2%
PoriferaDemospongiaeSuberitida
2%
CycliophoraEucycliophoraSymbiida
2%
EchinodermataHolothuroideaSynallactida
2%
MolluscaGastropodaSystellommatophora
2%
PoriferaDemospongiaeTethyida
2%
PlathelminthesCestodaTetrabothriidea
2%
PoriferaDemospongiaeTetractinellida
2%
ArthropodaPauropodaTetramerocerata
2%
PlathelminthesCestodaTetraphyllidea
2%
CtenophoraTentaculataThalassocalycida
2%
BrachiopodaRhynchonellataThecideida
2%
TardigradaMesotardigradaThermozodia
2%
PoriferaDemospongiaeTrachycladida
2%
CnidariaHydrozoaTrachymedusae
2%
NematodaAdenophoreaTrichocephalida
2%
MolluscaBivalviaTrigoniida
2%
NematodaAdenophoreaTriplonchida
2%
MolluscaGastropodaTrochida
2%
MolluscaMonoplacophoraTryblidiida
2%
PlathelminthesCestodaTrypanorhyncha
2%
NematodaSecernenteaTylenchida
2%
MolluscaGastropodaUmbraculida
2%
EchinodermataAsteroideaVelatida
2%
MolluscaBivalviaVenerida
2%
PoriferaDemospongiaeVerongiida
2%
CnidariaAnthozoaZoantharia
2%
ArthropodaDiplopodaZosterogrammida
2%

Score Distribution

Percentile by Number Answered

Percent of People with Each Score

Your Score History

You have not taken this quiz since the last reset